| 000 | 01270namaa22003371i 4500 | ||
|---|---|---|---|
| 003 | EG-GICUC | ||
| 005 | 20260405111954.0 | ||
| 008 | 260405s20029999jo a|||gr|||| 001 0 ara d | ||
| 017 |
_a2001 / 10 / 2151 _bالمكتبة الوطنية(الأردن). |
||
| 040 |
_aEG-GiCUC _bara _cEG-GiCUC _dEG-GiCUC _erda |
||
| 043 | _aa-jo--- | ||
| 082 | 0 | 4 |
_221 _a956.81 _bR138 |
| 092 | 0 | 4 |
_221 _a956.81 _bR138 |
| 099 | _a956.81 R138 | ||
| 100 | 1 |
_aرفيع، محمد، _d1958- _eمؤلف. |
|
| 245 | 1 | 0 |
_aذاكرة المدينة / _cمحمد رفيع. |
| 250 | _aالطبعة الأولى. | ||
| 264 |
_aعمان : _bمركز الحسين الثقافي : _bأمانة عمان الكبرى، _c2002- |
||
| 300 |
_aمجلدات : _bإيضاحيات ؛ _c24 سم |
||
| 336 |
_2rdacontent _atext |
||
| 337 |
_2rdamedia _aUnmediated |
||
| 338 |
_2rdacarrier _avolume |
||
| 504 | _aيشتمل على كشافات. | ||
| 505 | _aالجزء الأول : أوراق عمان القديمة | ||
| 541 |
_aد. جابر عصفور ؛ _bالقاهرة ؛ _cإهداء ؛ _d2024. |
||
| 650 | 1 | _2qrmak | |
| 651 | 1 |
_2qrmak _aعمان(الأردن) _xتاريخ |
|
| 651 | 1 |
_aعمان(الأردن) _xالحياة الأجتماعية. |
|
| 905 | _aAsmaa | ||
| 942 |
_2ddc _cBK _e21 _n0 |
||
| 999 |
_c179180 _d179180 |
||